| 000 | 00989 a2200205 4500 | ||
|---|---|---|---|
| 003 | Nust | ||
| 005 | 20221018125312.0 | ||
| 010 | _a 79004459 | ||
| 020 | _a0824767594 | ||
| 040 | _cNust | ||
| 082 | 0 | 0 | _a610.28,DEM |
| 245 | 0 | 0 |
_aApplied biomedical electronics for technicians / _cDean A. DeMarre ... [et al.] ; illustrated by Dean A. DeMarre. |
| 260 |
_aNew York : _bM. Dekker, _cc1979. |
||
| 300 |
_axi, 334 p. : _bill. ; _c24 cm. |
||
| 490 | 0 | _aBiomedical engineering and instrumentation series ; v. 5 | |
| 505 | _aElectricity In The Hospital (Page-1), Capacitance And Inductance (Page-25), Introduction To Alternating Current (Page-47), Basic Measurements (Page-71), Hospital Safety (Page-89), Semiconductors (Page-105), Signal Processing (Page-149), Transducers (Page-185), Hospital Devices (Page-209), Medical Instrument Sys (Page-259), Hospital Computers (Page-303). | ||
| 650 | 0 |
_aMedical electronics. _987437 |
|
| 700 | 1 |
_aDeMarre, Dean A., _d1936- _9100610 |
|
| 942 |
_2ddc _cBK |
||
| 999 |
_c183172 _d183172 |
||